Estadísticas para Plantilla del campeón - Eurocopa (2)

Haz click aquí para tomar la prueba!

Estadísticas generales

  • Esta prueba ha sido tomada 130 veces
  • La puntuación promedio es 59 de 140

Estadísticas de respuestas

Pos.JugadorEquipo% Correcto
POR(c)Iker CasillasReal Madrid
99%
MEDXaviBarcelona
98%
MEDAndres IniestaBarcelona
97%
DEFGerard PiqueBarcelona
97%
DEFSergio RamosReal Madrid
95%
PORVictor ValdesBarcelona
94%
PORPepe ReinaLiverpool
93%
DEFCarles PuyolBarcelona
92%
DELFernando TorresChelsea | Liverpool
92%
DEL(c)Cristiano RonaldoReal Madrid
90%
DELDavid VillaValencia
88%
MEDDavid SilvaManchester City | Valencia
87%
MEDXabi AlonsoLiverpool | Real Madrid
87%
PORGianluigi DonnarummaMilan
86%
DELPedroBarcelona
86%
MEDCesc FabregasArsenal | Barcelona
85%
MEDAdrien SilvaSporting Lisboa
84%
MEDRafa SilvaBraga
84%
MEDSergio BusquetsBarcelona
82%
DEFPepeReal Madrid
81%
DEF(c)Giorgio ChielliniJuventus
79%
DEFLeonardo BonucciJuventus
78%
DELFernando LlorenteAtl. Bilbao
76%
DEFJoan CapdevilaVillarreal
76%
DEFRaul AlbiolReal Madrid | Valencia
74%
MEDZinedine ZidaneJuventus
74%
MEDJesus NavasSevilla
73%
DEFJordi AlbaValencia
73%
PORRui PatricioSporting Lisboa
71%
DEFAlvaro ArbeloaLiverpool | Real Madrid
70%
MEDMarco VerrattiPSG
70%
MEDJuan MataChelsea
66%
MEDMarcos SennaVillarreal
64%
DELEderLille
63%
PORAndres PalopSevilla
62%
MEDJorginhoChelsea
62%
DELThierry HenryArsenal
61%
DEFCarlos MarchenaValencia
60%
DELDaniel GuizaMallorca
58%
MEDFederico ChiesaJuventus
58%
DEFJuanfranAtl. Madrid
57%
MEDSanti CazorlaMalaga | Villarreal
57%
MEDJavi MartinezAtl. Bilbao
56%
DELRicardo QuaresmaBesiktas
55%
DELCiro ImmobileLazio
53%
DELLorenzo InsigneNapoli
46%
MEDNicolo BarellaInter
43%
PORAnthony LopesLyon
42%
DELDomenico BerardiSassuolo
41%
MEDJoao MoutinhoMonaco
41%
DELNaniFenerbahce
38%
PORAlex MeretNapoli
37%
DELAlvaro NegredoSevilla
37%
DELAndrea BelottiTorino
37%
DEFLeonardo SpinazzolaRoma
36%
DEFEmersonChelsea
35%
PORFabien BarthezMonaco
33%
PORSalvatore SiriguTorino
33%
DELDavid TrezeguetMonaco
32%
MEDManuel LocatelliSassuolo
32%
MEDRuben de la RedGetafe
32%
MEDPatrick VieiraArsenal
31%
DEFGiovanni Di LorenzoNapoli
30%
MEDRenato SanchesBenfica
30%
DELSergio GarciaZaragoza
30%
DEFLilian ThuramParma
29%
MED(c)Didier DeschampsChelsea
28%
DEFAlessandro BastoniInter
27%
MEDAndre GomesValencia
27%
MEDEmmanuel PetitArsenal
27%
MEDWilliam CarvalhoSporting Lisboa
27%
DEFFrancesco AcerbiLazio
26%
DEFAlessandro FlorenziPSG
25%
DEFRicardo CarvalhoMonaco
25%
DEFLaurent BlancRoma
23%
DELNicolas AnelkaReal Madrid
23%
MEDFederico BernardeschiJuventus
22%
DEFJuanitoBetis
22%
DEFMarcel DesaillyChelsea
22%
MEDRobert PiresMarsella
19%
DEFFernando NavarroMallorca
16%
DEFRafael ToloiAtalanta
16%
DEFBruno AlvesFenerbahce
15%
DEFCedricSouthampton
15%
MEDDaniloPorto
15%
DELGiacomo RaspadoriSassuolo
15%
MEDJoao MarioSporting Lisboa
15%
DEFBixente LizarazuBayern Munich
14%
MEDChristian KarembeuReal Madrid
14%
DEFRaphael GuerreiroLorient
14%
MEDBryan CristanteRoma
13%
DELAngelos CharisteasWerder Bremen
12%
DELDimitrios PapadopoulosPanathianikos
10%
DEFGiourkas SeitaridisPanathinaikos
10%
MEDMatteo PessinaAtalanta
10%
MEDGiorgios KaragounisInter
9%
MEDYouri DjorkaeffKaiserslautern
9%
MEDVieirinhaWolfsburgo
8%
DEFVincent CandelaRoma
7%
PORAntonios NikopolidisPanathinaikos
6%
PORBernard LamaPSG
6%
DELChristophe DugarryBordeaux
5%
MEDGaetano CastroviliFiorentina
5%
DELSylvain WiltordBordeaux
5%
POREduardoDinamo Zagreb
4%
DEFEliseuBenfica
4%
DEFFrank LeboeufChelsea
4%
MEDKostas KatsouranisAEK
4%
MED(c)Theodoros ZagorakisAEK
4%
DELDemis NikolaidisAtl. Madrid
3%
DEFTraianos DellasRoma
3%
MEDAngelos BasinasPanathinaikos
2%
DEFMichalis KapsisAEK
2%
MEDStelios GiannakopoulosBolton Wanderers
2%
DEFStylianos VenetidisOlympiakos
2%
DEFTakis FyssasBenfica
2%
PORUlrich RameBordeaux
2%
PORFanis KatergiannakisOlympiakos
1%
MEDGeorgios GeorgiadisOlympiakos
1%
DEFGiannis GoumasPanathinaikos
1%
MEDJohan MicoudBordeaux
1%
DEFJose FontesSouthampton
1%
PORKonstantinos ChalkiasPanathinaikos
1%
DEFNikos DabizasLeicester City
1%
MEDPantelis KafesOlympiakos
1%
MEDVasilios TsiartasAEK
1%
MEDVassilis LakisAEK
1%
DELZisis VrysasFiorentina
0%

Distribución de puntuación

Porcentaje por número respondido

Porcentaje de gente con cada puntuación

Historial de tus puntuaciones

No has tomado esta prueba